Lễ hội Rija Nagar của người Chăm
TM tài liệu tham khảo tr. 851; Đặc điểm cư trú, văn hóa xã hội của người Chăm (cộng đồng người Chăm Ninh Thuận - Bình Thuận; cộng đồng người Chăm theo tín ngưỡng Bàni; Chăm Islam, Chăm Ahiér)
Bewaard in:
| Hoofdauteur: | |
|---|---|
| Andere auteurs: | |
| Formaat: | Boek |
| Taal: | Undetermined |
| Gepubliceerd in: |
H.
Hội nhà văn
2016
|
| Onderwerpen: | |
| Online toegang: | http://lrc.tdmu.edu.vn/opac/search/detail.asp?aID=2&ID=28540 |
| Tags: |
Voeg label toe
Geen labels, Wees de eerste die dit record labelt!
|
| Thư viện lưu trữ: | Trung tâm Học liệu Trường Đại học Thủ Dầu Một |
|---|
| LEADER | 01179nam a2200217Ia 4500 | ||
|---|---|---|---|
| 001 | TDMU_28540 | ||
| 008 | 210410s9999 xx 000 0 und d | ||
| 082 | |a 158.1 | ||
| 090 | |b S550 | ||
| 100 | |a Sử, Văn Ngọc | ||
| 245 | 0 | |a Lễ hội Rija Nagar của người Chăm | |
| 245 | 0 | |c Sử Văn Ngọc, Sử Thị Gia Trang (ng.cứu) | |
| 260 | |a H. | ||
| 260 | |b Hội nhà văn | ||
| 260 | |c 2016 | ||
| 300 | |a 855 tr | ||
| 520 | |a TM tài liệu tham khảo tr. 851; Đặc điểm cư trú, văn hóa xã hội của người Chăm (cộng đồng người Chăm Ninh Thuận - Bình Thuận; cộng đồng người Chăm theo tín ngưỡng Bàni; Chăm Islam, Chăm Ahiér) | ||
| 650 | |a Văn hóa dân gian |x Lễ hội |x Dân tộcChăm |z Việt Nam; Dân tộc Chăm |x Văn hóa dân gian |x Lễ hội |x Rija Nagar; Lễ hội |x Dân tộc Chăm |z Việt Nam | ||
| 700 | |a Hội Văn nghệ dân gian Việt Nam | ||
| 856 | |u http://lrc.tdmu.edu.vn/opac/search/detail.asp?aID=2&ID=28540 | ||
| 980 | |a Trung tâm Học liệu Trường Đại học Thủ Dầu Một | ||